| 000 | 00761nam a2200217Ia 4500 | ||
|---|---|---|---|
| 001 | 9106 | ||
| 003 | GE_BSU | ||
| 008 | 181216s||||||||xx |||||||||||||| ||und|| | ||
| 040 | _cGE_BSU | ||
| 080 | _a821.353.1-1 | ||
| 100 | _aლებანიძე,მურმან | ||
| 245 | _aკრებული-1975.ლექსები | ||
| 245 | _cრედ.ლეილა ნანიტაშვილი.ფოტოპორტრეტი სიმონ კილაძის | ||
| 260 | _aთბილისი | ||
| 260 | _bსაბჭოთა საქართველო | ||
| 260 | _c1975 | ||
| 300 | _a127გვ.14სმ. | ||
| 300 | _eპორტრეტი გარეკანზე | ||
| 653 | _aკრებული | ||
| 942 | _cBK | ||
| 999 |
_c42410 _d42410 |
||